guess the laufey song no hints #5 - Statistics

General Stats
  • This quiz has been taken 102 times
    33 since last reset
  • The average score is 139 of 200
Answer Stats
Answer % Correct
I
94%
And
89%
and
89%
me
89%
you
89%
You
89%
be
83%
but
83%
But
83%
for
83%
I'm
83%
my
83%
the
83%
to
83%
we
83%
Your
83%
your
83%
don't
78%
Don't
78%
in
78%
it
78%
love
78%
this
78%
bored
72%
Bored
72%
call
72%
Can't
72%
I'll
72%
of
72%
so
72%
So
72%
too
72%
what
72%
you're
72%
Baby
67%
baby
67%
'Cause
67%
door
67%
is
67%
just
67%
keep
67%
Listening
67%
listening
67%
maybe
67%
nobody's
67%
Oh
67%
someday
67%
Talk
67%
talk
67%
talkin
67%
Why
67%
yourself
67%
about
61%
again
61%
Darling
61%
interesting
61%
know
61%
marry
61%
out
61%
perfect
61%
said
61%
that
61%
vain
61%
walk
61%
at
56%
best
56%
car
56%
Did
56%
drown
56%
followed
56%
got
56%
it's
56%
kissed
56%
last
56%
leave
56%
leaving
56%
make
56%
mean
56%
monologue
56%
morning
56%
passionate
56%
remember
56%
street
56%
think
56%
time
56%
up
56%
way
56%
woke
56%
yawn
56%
Charming
50%
cry
50%
depressed
50%
didn't
50%
first
50%
made
50%
night
50%
plea
50%
apart
44%
Bet
44%
heart
44%
room
44%
self-possessed
44%
spend
44%
tickled
44%
wept
44%
you've
44%
No matching quizzes found
Score Distribution
Percent of People with Each Score
Percentile by Number Answered
Your Score History
You have not taken this quiz since the last reset